000 00549nam a22002057a 4500
999 _c3342
_d3342
003 OSt
005 20190829141542.0
008 160330b xxu||||| |||| 00| 0 eng d
020 _a9780077143015
040 _cDDC.
_dDDC
082 _a657.45 AUD 2014
100 _aEilifsen, Aasmund'[et...al]
_912881
245 _aAuditing & Assurance Services.
260 _aEngland.
_bMcGrawHill.
_c2014
300 _axvi,707p;
_bill;
_c26cm
504 _aNotes & index included
650 _aAuditing.
_97397
650 _aAssurance
_912882
942 _2ddc
_cBOOK